Liedtext - Ratatata - Babymetal X Electric Callboy (Lyrics) - Statistiken

Allgemein
  • Dieses Quiz wurde 31 mal gespielt
    28 seit der letzten Aktualisierung
  • Das Durchschnittsergebnis liegt bei 164 aus 381
Antwortstatistiken
Antwort % Korrekt
a
95%
(A
95%
(Ra-ta-ta-ta)
90%
(Ra-ta-ta-ta-ta-ta)
90%
I
86%
the
81%
it
67%
my
67%
we
67%
You
67%
you
67%
body
62%
Every
62%
to
62%
when
62%
When
62%
go
57%
is
57%
ni
57%
push
57%
will
57%
floor
52%
hear
52%
limit
52%
me
52%
night
52%
of
52%
So
52%
weapon
52%
woah-oh
52%
and
48%
And
48%
be
48%
Everybody
48%
for
48%
Are
43%
(Are
43%
don't
43%
(Fu fu)
43%
(Fu fu fu fu)
43%
I'm
43%
in
43%
sky
43%
sound
43%
beat
38%
feel
38%
stop
38%
above
33%
ge)
33%
goes
33%
know
33%
light
33%
love
33%
more
33%
ready?
33%
ready?)
33%
red
33%
turns
33%
wanna
33%
fucking
29%
give
29%
gonna
29%
hit
29%
Let's
29%
moment
29%
need
29%
searching
29%
Bun-bun-bun
24%
Bun-bun-bun-bun-bun
24%
crazy
24%
drop
24%
feeling
24%
friends
24%
here
24%
Here
24%
hips
24%
hypnotized
24%
lie
24%
make
24%
morning
24%
some
24%
that
24%
up
24%
We're
24%
'cause
19%
down
19%
everybody's
19%
get
19%
happen
19%
jumping
19%
no
19%
Now
19%
now
19%
one
19%
shaking
19%
stomping
19%
veins
19%
waiting
19%
baby
14%
Buchiagare!
14%
can
14%
control
14%
crash
14%
de
14%
getting
14%
gimme
14%
I'll
14%
leave
14%
moving
14%
Out
14%
there
14%
Together
14%
try
14%
vibe
14%
Doki
10%
Fuwa
10%
good
10%
Just
10%
Kira
10%
Hitomi
5%
Koakuma
5%
shichau
5%
tell
5%
Wana
5%
want
5%
what
5%
daijyoubu?
0%
Egao
0%
mahou
0%
sasoikomu
0%
shichaukedo
0%
utsushita
0%
Keine übereinstimmenden Quizze gefunden
Verteilung der Resultate
Anzahl Personen mit jedem Resultat
Perzentil nach korrekt beantworteten Fragen
Ihre Resultats-Entwicklung
Sie haben dieses Quiz seit der letzten Aktualisierung nicht gespielt